00306nam a2200133Ia 4500003000400000005001700004008004100021020001800062040001700080100001500097245002900112260002200141260000900163OSt20240306112223.0170523s9999 xx 000 0 und d a9789389174366 ciimtu meerut aKAPOOR- ND 0aELEMENTS MERCANTILE LAW bSULTAN CHAND SONS c2004